[Event "XXVI Festival Conca della Presolana A"]
[Site "Bratto - Castione della Presolana ITA"]
[Date "2006.08.21"]
[Round "3"]
[White "Piemonti, Carlo"]
[Black "Pesce, Gabriele"]
[Result "0-1"]
[WhiteElo "2058"]
[BlackElo "2006"]
[PlyCount "66"]
[EventDate "2006.08.19"]

1. e4 c5 2. Nf3 Nc6 3. Bb5 e6 4. Bxc6 bxc6 5. O-O Ne7 6. d4 cxd4 7. Qxd4 Ng6 8.
c4 c5 9. Qe3 Be7 10. Nc3 Bb7 11. b3 O-O 12. Bb2 a6 13. Nd2 Qc7 14. f4 f5 15. e5
Nh4 16. Rf2 Kh8 17. Nf3 h6 18. Nxh4 Bxh4 19. Rd2 Be7 20. Rad1 Qc6 21. Qh3 Rad8
22. Rd3 Kh7 23. Bc1 d6 24. exd6 Rxd6 25. Rxd6 Bxd6 26. Be3 Rd8 27. Rd2 Be7 28.
Rxd8 Bxd8 29. Qg3 Bf6 30. Ne2 Bh4 31. Qh3 Qe4 32. Nc3 Qc2 33. Kf1 Qxc3 0-1

[Event "XXVI Festival Conca della Presolana A"]
[Site "Bratto - Castione della Presolana ITA"]
[Date "2006.08.21"]
[Round "3"]
[White "Podini, Francesco"]
[Black "Lampl, Gerald"]
[Result "0-1"]
[WhiteElo "2069"]
[BlackElo "1826"]
[PlyCount "34"]
[EventDate "2006.08.19"]

1. e4 c5 2. Nc3 Nc6 3. f4 e6 4. Nf3 d5 5. Bb5 Nge7 6. exd5 exd5 7. Qe2 g6 8.
Bxc6+ bxc6 9. Qe5 Rg8 10. O-O Bg7 11. Qe2 Kf8 12. Ne5 Qc7 13. b3 Bf6 14. Na4 c4
15. bxc4 Kg7 16. Bb2 Qa5 17. Nc3 Qb6+ 0-1

[Event "XXVI Festival Conca della Presolana A"]
[Site "Bratto - Castione della Presolana ITA"]
[Date "2006.08.21"]
[Round "3"]
[White "Pulvirenti, Gianni"]
[Black "Rorato, Renzo"]
[Result "1/2-1/2"]
[WhiteElo "1970"]
[BlackElo "2149"]
[PlyCount "127"]
[EventDate "2006.08.19"]

1. d4 Nf6 2. Nf3 c5 3. c3 g6 4. e3 Bg7 5. Bc4 d5 6. Bb3 O-O 7. O-O Nbd7 8. Nbd2
Re8 9. Re1 e5 10. dxe5 Nxe5 11. Nxe5 Rxe5 12. Nf3 Bg4 13. Qe2 Qc7 14. Bd1 Re7
15. Qc2 Bf5 16. Qe2 Rd8 17. Bc2 Bd7 18. h3 Bc6 19. Bd2 Ne4 20. Bxe4 dxe4 21.
Nh2 Bb5 22. Qxb5 Rxd2 23. Nf1 a6 24. Qb3 c4 25. Qa3 Rd5 26. Qa4 Red7 27. Red1
b5 28. Qc2 f5 29. Ng3 Qd8 30. Rxd5 Rxd5 31. Re1 Rd2 32. Qc1 Qd3 33. Nf1 Rc2 34.
Qb1 Be5 35. g3 b4 36. Rc1 b3 37. axb3 cxb3 38. Re1 Kg7 39. Qa1 Rxb2 40. Qxb2
Bxc3 41. Qc1 b2 42. Qb1 Bxe1 43. Qxb2+ Bc3 44. Qa3 Bf6 45. Qa5 Qc4 46. Kg2 h5
47. Nh2 Qc6 48. h4 Bc3 49. Qd8 a5 50. Qe7+ Kh6 51. Nf1 a4 52. g4 hxg4 53. Ng3
Bf6 54. Qf8+ Bg7 55. Qe7 Qf6 56. Qa3 f4 57. exf4 Qxf4 58. Qxa4 Qf3+ 59. Kf1 e3
60. Qc2 Qxf2+ 61. Qxf2 exf2 62. Kxf2 Be5 63. Ne4 Bc7 64. Nf6 1/2-1/2

[Event "XXVI Festival Conca della Presolana A"]
[Site "Bratto - Castione della Presolana ITA"]
[Date "2006.08.21"]
[Round "3"]
[White "Raselli, Claudio"]
[Black "Radice, Luca"]
[Result "0-1"]
[WhiteElo "2034"]
[BlackElo "2081"]
[PlyCount "106"]
[EventDate "2006.08.19"]

1. d4 d5 2. Nf3 Nf6 3. Bf4 c5 4. e3 e6 5. c3 Nc6 6. Bd3 Qb6 7. Qb3 c4 8. Qxb6
axb6 9. Bc2 b5 10. O-O b4 11. Nbd2 Be7 12. Ne5 Bd7 13. Nxc6 Bxc6 14. cxb4 Bxb4
15. Nf3 O-O 16. a3 Be7 17. h3 Ra6 18. Ne5 Rfa8 19. e4 b5 20. Nxc6 Rxc6 21. exd5
Nxd5 22. Be4 Rca6 23. Bxd5 exd5 24. Rae1 Re6 25. Bd2 Bf6 26. Rxe6 fxe6 27. Bc3
Kf7 28. Re1 Be7 29. g3 Ra4 30. Re3 Bd6 31. f4 Kf6 32. Kg2 Ra8 33. Kf3 g6 34.
Re1 Ra4 35. Re3 b4 36. axb4 Bxb4 37. g4 Bd6 38. Re1 Ra7 39. g5+ Kf5 40. Bd2 Rb7
41. Bc1 Rb3+ 42. Re3 Rb7 43. Re2 Rb3+ 44. Re3 Rb7 45. Re2 Ra7 46. h4 Ra1 47.
Rc2 Bxf4 48. Bxf4 Rf1+ 49. Kg3 Rxf4 50. Rd2 Rg4+ 51. Kh3 Rf4 52. Kg3 Rg4+ 53.
Kh3 Re4 0-1

[Event "XXVI Festival Conca della Presolana A"]
[Site "Bratto - Castione della Presolana ITA"]
[Date "2006.08.21"]
[Round "3"]
[White "Ricca, Giorgio"]
[Black "D'Apa, Matteo"]
[Result "1-0"]
[WhiteElo "2078"]
[BlackElo "2020"]
[PlyCount "51"]
[EventDate "2006.08.19"]

1. e4 e5 2. f4 exf4 3. Nf3 Be7 4. Bc4 Nf6 5. e5 Ng4 6. O-O O-O 7. d4 Ne3 8.
Bxe3 fxe3 9. Qe2 d5 10. exd6 Bxd6 11. Qxe3 Re8 12. Qb3 Be6 13. Bxe6 Rxe6 14.
Nbd2 Nd7 15. Nc4 Nb6 16. Rae1 Rxe1 17. Rxe1 Qd7 18. Nxd6 Qxd6 19. Qb5 c6 20.
Qf5 Nd7 21. Qe4 Nf6 22. Qe7 Qf4 23. Qxb7 Rb8 24. Qxc6 h6 25. b3 g5 26. Qc5 1-0

[Event "XXVI Festival Conca della Presolana A"]
[Site "Bratto - Castione della Presolana ITA"]
[Date "2006.08.21"]
[Round "3"]
[White "Rombaldoni, Axel"]
[Black "Brunello, Sabino"]
[Result "1/2-1/2"]
[WhiteElo "2169"]
[BlackElo "2391"]
[PlyCount "46"]
[EventDate "2006.08.19"]

1. e4 e5 2. Nf3 Nc6 3. Bb5 a6 4. Ba4 Nf6 5. d3 d6 6. c3 Be7 7. Nbd2 O-O 8. Nf1
b5 9. Bc2 Re8 10. Ng3 Bf8 11. O-O g6 12. a4 b4 13. a5 Rb8 14. d4 bxc3 15. bxc3
exd4 16. cxd4 Nb4 17. Ba4 Rxe4 18. Nxe4 Nxe4 19. Qe1 Nf6 20. Rb1 Nfd5 21. Bg5
Be7 22. Bxe7 Qxe7 23. Qxe7 Nxe7 1/2-1/2

[Event "XXVI Festival Conca della Presolana A"]
[Site "Bratto - Castione della Presolana ITA"]
[Date "2006.08.21"]
[Round "3"]
[White "Salmoiraghi, Angelo"]
[Black "Crippa, Gabriele"]
[Result "0-1"]
[WhiteElo "2015"]
[BlackElo "2078"]
[PlyCount "130"]
[EventDate "2006.08.19"]

1. d4 d6 2. c4 e5 3. Nc3 g6 4. Nf3 Bg7 5. dxe5 dxe5 6. Qxd8+ Kxd8 7. e4 Nc6 8.
Be3 Nd4 9. O-O-O c5 10. Nd5 Be6 11. Ng5 h6 12. Nxe6+ fxe6 13. Bxd4 cxd4 14. Nb4
Rc8 15. Kb1 Nf6 16. f3 g5 17. h4 Ke7 18. Nd3 Nh5 19. hxg5 hxg5 20. Rh3 Nf4 21.
Nxf4 gxf4 22. Bd3 Rxh3 23. gxh3 Rh8 24. Bf1 Bf6 25. Rd2 Rg8 26. Bg2 Bh4 27. Kc2
a5 28. b3 Be1 29. Re2 Bb4 30. Kd3 Kf6 31. Rc2 b6 32. a4 Rg3 33. Ra2 Ke7 34. Rc2
Kd6 35. Rf2 Kc6 36. h4 Be7 37. Bf1 Bxh4 38. Be2 Rh3 39. Rf1 Rh2 40. Rg1 Bg3 41.
Rf1 Rh7 42. Kc2 Kc5 43. Kd3 Kb4 44. Rd1 Bf2 45. Rf1 Be3 46. Rd1 Rh2 47. Rf1 Rh8
48. Rd1 Rb8 49. Kc2 Rd8 50. Kd3 Rd6 51. Kc2 Rc6 52. Bd3 Rc8 53. Be2 Rh8 54. Kd3
Rh2 55. Rf1 Ka3 56. Rd1 Kb2 57. Rf1 Rg2 58. Rh1 Kxb3 59. Rb1+ Kxa4 60. Rxb6 Rg1
61. Rb2 Rc1 62. Rc2 Ra1 63. c5 Kb4 64. Rc4+ Kb5 65. c6 Ra2 0-1

[Event "XXVI Festival Conca della Presolana A"]
[Site "Bratto - Castione della Presolana ITA"]
[Date "2006.08.21"]
[Round "3"]
[White "Schuurman, Petra"]
[Black "Komarov, Dimitri"]
[Result "0-1"]
[WhiteElo "2219"]
[BlackElo "2530"]
[PlyCount "52"]
[EventDate "2006.08.19"]

1. d4 e6 2. c4 Bb4+ 3. Nc3 c5 4. dxc5 Bxc3+ 5. bxc3 Qa5 6. Qb3 Nf6 7. f3 Na6 8.
Be3 O-O 9. Nh3 b6 10. cxb6 Rb8 11. Bd4 axb6 12. Qb5 d6 13. Qxa5 bxa5 14. O-O-O
e5 15. Bf2 Bxh3 16. gxh3 Rfd8 17. Bh4 Nc5 18. e3 Rb6 19. Rg1 Kf8 20. Rg2 Rdb8
21. Rc2 Nfe4 22. fxe4 Nxe4 23. Rcd2 Rb1+ 24. Kc2 R8b2+ 25. Kd3 Rxd1 26. Rxd1
Nc5# 0-1

[Event "XXVI Festival Conca della Presolana A"]
[Site "Bratto - Castione della Presolana ITA"]
[Date "2006.08.21"]
[Round "3"]
[White "Scotti, Umberto"]
[Black "Lovati, Paolo"]
[Result "1-0"]
[WhiteElo "2207"]
[BlackElo "2069"]
[PlyCount "59"]
[EventDate "2006.08.19"]

1. d4 d6 2. Bf4 g6 3. Nf3 Bg7 4. e3 Nf6 5. h3 O-O 6. Be2 Nbd7 7. O-O Qe8 8. c4
e5 9. Bh2 Ne4 10. Qc2 f5 11. Nc3 Nxc3 12. Qxc3 Qe7 13. b4 c5 14. bxc5 dxc5 15.
Nxe5 Bxe5 16. dxe5 Nb6 17. a4 a5 18. Rfd1 Be6 19. Rd6 Nc8 20. Rd2 g5 21. Rad1
f4 22. exf4 gxf4 23. Bf3 Qg5 24. Bxb7 Rb8 25. Bd5 Bxd5 26. cxd5 f3 27. Bg3 h5
28. h4 Qf5 29. Qxf3 Qg6 30. Qe3 1-0

[Event "XXVI Festival Conca della Presolana A"]
[Site "Bratto - Castione della Presolana ITA"]
[Date "2006.08.21"]
[Round "3"]
[White "Shytaj, Luca"]
[Black "Lucaroni, Massimiliano"]
[Result "1/2-1/2"]
[WhiteElo "2433"]
[BlackElo "2293"]
[PlyCount "82"]
[EventDate "2006.08.19"]

1. e4 e5 2. f4 exf4 3. Nf3 d5 4. exd5 Nf6 5. Bc4 Nxd5 6. Bxd5 Qxd5 7. Nc3 Qd8
8. d4 Be7 9. Bxf4 O-O 10. Qd3 c6 11. O-O-O Be6 12. h4 Qa5 13. d5 Bxd5 14. Ng5
g6 15. Nxd5 Qxd5 16. Qxd5 cxd5 17. Rxd5 Nc6 18. Rd7 b6 19. Rhd1 Rac8 20. c3 b5
21. R1d5 b4 22. c4 Nb8 23. Rc7 Na6 24. Rxc8 Rxc8 25. b3 Nc5 26. Be3 f6 27. Nf3
Kf7 28. Kc2 Rc7 29. h5 a6 30. Bd2 Ne6 31. Ne1 Rc5 32. hxg6+ hxg6 33. Rxc5 Bxc5
34. Nd3 a5 35. Nxc5 Nxc5 36. Be3 Nd7 37. a3 Ne5 38. Bb6 Nc6 39. axb4 axb4 40.
Kd3 Ke6 41. Bc7 Kd7 1/2-1/2

[Event "XXVI Festival Conca della Presolana A"]
[Site "Bratto - Castione della Presolana ITA"]
[Date "2006.08.21"]
[Round "3"]
[White "Stips, Felix"]
[Black "Gangemi, Salvatore"]
[Result "1-0"]
[WhiteElo "1874"]
[BlackElo "2077"]
[PlyCount "75"]
[EventDate "2006.08.19"]

1. e4 e6 2. d4 d5 3. Nc3 Bb4 4. Nge2 dxe4 5. a3 Be7 6. Nxe4 Nf6 7. Nxf6+ Bxf6
8. f4 b6 9. Be3 Bb7 10. Qd2 Qe7 11. O-O-O O-O 12. Ng3 g6 13. Bd3 Rd8 14. c3 Bg7
15. Ne4 c5 16. Qf2 cxd4 17. Bxd4 Bxd4 18. cxd4 Nc6 19. Bc2 Rac8 20. Kb1 Na5 21.
Rhe1 Bd5 22. g4 f5 23. gxf5 Rxc2 24. Qxc2 Bb3 25. Qd3 gxf5 26. Ng5 Rd6 27. Rd2
h6 28. Nf3 Bd5 29. Ne5 Kh7 30. Qg3 Qg7 31. Qxg7+ Kxg7 32. b4 Nb3 33. Rdd1 Be4+
34. Kb2 Nxd4 35. Rg1+ Kh7 36. Rg6 Nb5 37. Rdg1 Rd2+ 38. Ka1 1-0

[Event "XXVI Festival Conca della Presolana A"]
[Site "Bratto - Castione della Presolana ITA"]
[Date "2006.08.21"]
[Round "3"]
[White "Tomba, Ivan"]
[Black "Groszpeter, Attila"]
[Result "0-1"]
[WhiteElo "2227"]
[BlackElo "2511"]
[PlyCount "56"]
[EventDate "2006.08.19"]

1. e4 c5 2. Nf3 d6 3. d4 cxd4 4. Nxd4 Nf6 5. Nc3 a6 6. Bc4 e6 7. Bb3 b5 8. O-O
Be7 9. Qf3 Qc7 10. Qg3 O-O 11. Bh6 Ne8 12. Rad1 Bd7 13. Rfe1 Nc6 14. Nf3 Qb7
15. Ne2 Kh8 16. Bg5 h6 17. Bf4 Nf6 18. e5 Nh5 19. Qg4 Nxf4 20. Nxf4 Nxe5 21.
Rxe5 dxe5 22. Nxe5 Be8 23. c3 Rd8 24. Rxd8 Bxd8 25. Bc2 Bf6 26. Nxe6 fxe6 27.
Ng6+ Bxg6 28. Qxg6 Kg8 0-1

[Event "XXVI Festival Conca della Presolana A"]
[Site "Bratto - Castione della Presolana ITA"]
[Date "2006.08.21"]
[Round "3"]
[White "Tramalloni, Luca"]
[Black "Nardi, Marco"]
[Result "1-0"]
[WhiteElo "2114"]
[BlackElo "2045"]
[PlyCount "99"]
[EventDate "2006.08.19"]

1. d4 Nf6 2. c4 c6 3. Nc3 d5 4. e3 a6 5. Nf3 b5 6. c5 Nbd7 7. Be2 Qc7 8. O-O e5
9. Re1 g6 10. Bf1 Bg7 11. dxe5 Nxe5 12. e4 dxe4 13. Nxe4 Nxe4 14. Rxe4 Bf5 15.
Re1 O-O 16. Bf4 Bg4 17. Bxe5 Bxe5 18. Rxe5 Bxf3 19. Qe1 Bd5 20. a3 Rad8 21. g3
Rd7 22. Bh3 f5 23. Bg2 Bxg2 24. Kxg2 Kf7 25. Qc3 Re7 26. Rae1 Rfe8 27. Qb3+ Kg7
28. Re6 Rxe6 29. Rxe6 Rxe6 30. Qxe6 a5 31. b4 axb4 32. axb4 f4 33. h3 fxg3 34.
fxg3 Qb7 35. h4 Qa8 36. Qe7+ Kg8 37. Qd7 Qa2+ 38. Kh3 Qa8 39. Kg2 Qa2+ 40. Kh3
Qa8 41. Kg4 Qf8 42. Kg5 Qf3 43. Qe8+ Kg7 44. Qe7+ Kg8 45. g4 Qd5+ 46. Kh6 Qf7
47. Qd8+ Qf8+ 48. Qxf8+ Kxf8 49. Kxh7 Kf7 50. g5 1-0

[Event "XXVI Festival Conca della Presolana A"]
[Site "Bratto - Castione della Presolana ITA"]
[Date "2006.08.21"]
[Round "3"]
[White "Voltolini, Giuseppe"]
[Black "Efimov, Igor"]
[Result "1/2-1/2"]
[WhiteElo "2216"]
[BlackElo "2439"]
[PlyCount "97"]
[EventDate "2006.08.19"]

1. e4 c5 2. Nf3 e6 3. d4 cxd4 4. Nxd4 a6 5. Bd3 Nf6 6. Nc3 Qc7 7. O-O Be7 8.
Qe2 d6 9. a4 Bd7 10. Kh1 Nc6 11. Nb3 Nb4 12. a5 O-O 13. Be3 Bc6 14. Nd2 Rae8
15. f4 e5 16. Nc4 Kh8 17. Nb6 Nd7 18. Nxd7 Qxd7 19. fxe5 Nxd3 20. Qxd3 dxe5 21.
Qxd7 Bxd7 22. Nd5 Bd6 23. c4 f5 24. c5 Bb8 25. Rad1 Ba4 26. Rd2 fxe4 27. Rdf2
Rxf2 28. Rxf2 h6 29. Kg1 Bb3 30. Rd2 Rd8 31. Nb6 Rd3 32. Kf2 Bc7 33. Ke2 Bxb6
34. axb6 Ba4 35. Rxd3 Bb5 36. Kf2 exd3 37. Bd2 Kg8 38. Ke3 Kf7 39. Bc3 Ke6 40.
b4 Kd5 41. g3 g6 42. Bb2 Kc4 43. Bxe5 Kxb4 44. c6 Bxc6 45. Kxd3 a5 46. Kc2 Kc5
47. Bc7 g5 48. h4 g4 49. Kb2 1/2-1/2

[Event "XXVI Festival Conca della Presolana A"]
[Site "Bratto - Castione della Presolana ITA"]
[Date "2006.08.22"]
[Round "4"]
[White "Astengo, Corrado"]
[Black "Campomori, Bruno"]
[Result "1-0"]
[WhiteElo "2119"]
[BlackElo "2025"]
[PlyCount "67"]
[EventDate "2006.08.19"]

1. e4 c5 2. Nf3 Nc6 3. d4 cxd4 4. Nxd4 e5 5. Nb5 d6 6. c4 a6 7. N5c3 Nf6 8. Be2
Be6 9. Be3 Be7 10. Nd5 Nd7 11. Nbc3 O-O 12. Qd2 Bxd5 13. Nxd5 Nc5 14. Bf3 a5
15. O-O Bf6 16. Rfd1 Ra6 17. Nc3 Nd4 18. Bg4 Nce6 19. Nd5 Rc6 20. Rac1 Re8 21.
Bxe6 Nxe6 22. Nxf6+ gxf6 23. c5 dxc5 24. Qxd8 Rxd8 25. Rxd8+ Nxd8 26. Rxc5 a4
27. Ra5 Rd6 28. Kf1 Rd1+ 29. Ke2 Rb1 30. Ra8 Kg7 31. Rxd8 Rxb2+ 32. Rd2 Rb1 33.
Kd3 b5 34. Kc2 1-0

[Event "XXVI Festival Conca della Presolana A"]
[Site "Bratto - Castione della Presolana ITA"]
[Date "2006.08.22"]
[Round "4"]
[White "Astengo, Marcello"]
[Black "Gasperoni, Stefano"]
[Result "0-1"]
[WhiteElo "2109"]
[BlackElo "2009"]
[PlyCount "110"]
[EventDate "2006.08.19"]

1. d4 Nf6 2. c4 e6 3. Nc3 Bb4 4. Qc2 c5 5. e3 O-O 6. Nf3 b6 7. Be2 Bb7 8. O-O
d6 9. Rd1 Bxc3 10. Qxc3 Qe7 11. b3 Ne4 12. Qc2 Nd7 13. Bb2 e5 14. d5 f5 15. Rf1
Rae8 16. Bd3 Ng5 17. Nd2 e4 18. Be2 Ne5 19. a3 Bc8 20. b4 f4 21. exf4 Rxf4 22.
Rae1 Ref8 23. Qc3 R8f6 24. Qg3 Rg6 25. Kh1 Qf7 26. Bh5 Nd3 27. Bxg6 Qxg6 28.
Rb1 Rg4 29. Qe3 Nxb2 30. Rxb2 Rxg2 31. Rbb1 Rg4 32. Rg1 Qh5 33. Rxg4 Bxg4 34.
Rg1 Nf3 35. Rg2 Nxd2 36. Qxd2 Bf3 37. Kg1 Bxg2 38. Kxg2 Qf3+ 39. Kg1 Qxa3 40.
bxc5 bxc5 41. Qc2 e3 42. Qe4 exf2+ 43. Kg2 f1=Q+ 44. Kxf1 Qa1+ 45. Kg2 Qe5 46.
Qg4 Qe8 47. Kh1 h6 48. Kg2 Qe5 49. Kh1 Kh7 50. Qd7 a5 51. Qa4 Qf5 52. Kg2 h5
53. Kg1 h4 54. Kg2 h3+ 55. Kg3 g5 0-1

[Event "XXVI Festival Conca della Presolana A"]
[Site "Bratto - Castione della Presolana ITA"]
[Date "2006.08.22"]
[Round "4"]
[White "Beccaris, Gabriele"]
[Black "Podini, Francesco"]
[Result "1/2-1/2"]
[WhiteElo "2025"]
[BlackElo "2069"]
[PlyCount "85"]
[EventDate "2006.08.19"]

1. e4 c5 2. c3 d6 3. d4 Nf6 4. dxc5 Nc6 5. f3 d5 6. exd5 Qxd5 7. Qxd5 Nxd5 8.
Bc4 e6 9. Bxd5 exd5 10. Be3 Ne5 11. b4 a5 12. Bd4 Nd3+ 13. Kd2 Bf5 14. a3 h5
15. Ne2 h4 16. Nc1 Nf4 17. Nb3 a4 18. Na5 O-O-O 19. Rg1 Re8 20. Be3 g5 21. c4
Bg7 22. Ra2 d4 23. Bxf4 gxf4 24. Kc1 Re3 25. c6 b6 26. Nb7 Kc7 27. c5 Rhe8 28.
Rd1 Be6 29. Rad2 Bb3 30. Nd6 R8e6 31. Nf5 Bf6 32. Nxd4 Bxd4 33. Rxd4 Bxd1 34.
Kxd1 Re1+ 35. Kc2 R6e2+ 36. Nd2 Rxg2 37. cxb6+ Kxb6 38. Kc3 Re3+ 39. Kc4 Kxc6
40. b5+ Kc7 41. h3 Rxa3 42. Kb4 Rxd2 43. Rxd2 {...} 1/2-1/2

[Event "XXVI Festival Conca della Presolana A"]
[Site "Bratto - Castione della Presolana ITA"]
[Date "2006.08.22"]
[Round "4"]
[White "Bentivegna, Francesco"]
[Black "Paolinelli, Giacomo"]
[Result "1-0"]
[WhiteElo "2269"]
[BlackElo "2023"]
[PlyCount "53"]
[EventDate "2006.08.19"]

1. e4 e5 2. f4 Bc5 3. Nf3 d6 4. c3 Nf6 5. d4 exd4 6. cxd4 Bb6 7. Nc3 d5 8. e5
Ne4 9. Be3 Nc6 10. Be2 O-O 11. O-O Bf5 12. Na4 Bg4 13. h3 Bxf3 14. Bxf3 f5 15.
Bxe4 fxe4 16. Nxb6 axb6 17. f5 Ne7 18. Qg4 Kh8 19. Bg5 Qe8 20. f6 Ng6 21. h4 h6
22. fxg7+ Kxg7 23. Bf6+ Kh7 24. h5 Rg8 25. Qf5 Qb5 26. Rac1 Rac8 27. hxg6+ 1-0

[Event "XXVI Festival Conca della Presolana A"]
[Site "Bratto - Castione della Presolana ITA"]
[Date "2006.08.22"]
[Round "4"]
[White "Borgo, Giulio"]
[Black "Tomba, Ivan"]
[Result "1-0"]
[WhiteElo "2414"]
[BlackElo "2227"]
[PlyCount "55"]
[EventDate "2006.08.19"]

1. c4 Nf6 2. Nf3 Nc6 3. Nc3 e5 4. e3 Bb4 5. Qc2 Bxc3 6. bxc3 Qe7 7. e4 O-O 8.
g3 d6 9. Bg2 a6 10. a4 a5 11. O-O Be6 12. d3 Nd7 13. Nh4 g6 14. Bh6 Rfb8 15.
Be3 Nd8 16. Qe2 Nc5 17. d4 Na6 18. f4 exf4 19. Rxf4 Bd7 20. d5 c5 21. Qf2 Kg7
22. Rf6 h6 23. Rf1 Nc7 24. e5 Ne8 25. Bxc5 Ra6 26. exd6 Nxd6 27. Bd4 Kh7 28.
Re1 1-0

[Event "XXVI Festival Conca della Presolana A"]
[Site "Bratto - Castione della Presolana ITA"]
[Date "2006.08.22"]
[Round "4"]
[White "Bresciani, Nicola"]
[Black "Nardelli, Marco"]
[Result "1/2-1/2"]
[WhiteElo "2290"]
[BlackElo "2123"]
[PlyCount "82"]
[EventDate "2006.08.19"]

1. e4 c5 2. Nf3 Nc6 3. d4 cxd4 4. Nxd4 Nf6 5. Nc3 e5 6. Ndb5 d6 7. Bg5 a6 8.
Na3 b5 9. Nd5 Be7 10. Bxf6 Bxf6 11. c3 Bg5 12. Nc2 Rb8 13. a4 bxa4 14. Ncb4
Nxb4 15. Nxb4 Bd7 16. Bxa6 Qa5 17. Qxd6 Rb6 18. Qd3 Be7 19. Nd5 Rxb2 20. O-O
Qc5 21. Rab1 Rxb1 22. Rxb1 O-O 23. Bb5 Bxb5 24. Rxb5 Qa7 25. Nxe7+ Qxe7 26. g3
Qc7 27. Rb4 Rd8 28. Qc2 a3 29. Ra4 Qc5 30. Qc1 h6 31. Rxa3 Rd3 32. Qc2 Qc4 33.
Ra4 Qxc3 34. Qxc3 Rxc3 35. Ra8+ Kh7 36. Re8 f6 37. Kg2 Kg6 38. h4 Rc4 39. Kf3
Rc3+ 40. Kg2 Rc4 41. Kf3 Rc3+ 1/2-1/2

[Event "XXVI Festival Conca della Presolana A"]
[Site "Bratto - Castione della Presolana ITA"]
[Date "2006.08.22"]
[Round "4"]
[White "Brun, Dario"]
[Black "Alberton, Roberto"]
[Result "1/2-1/2"]
[WhiteElo "2040"]
[BlackElo "2128"]
[PlyCount "49"]
[EventDate "2006.08.19"]

1. d4 Nf6 2. c4 e6 3. Nf3 b6 4. g3 Ba6 5. Qa4 Be7 6. Bg2 O-O 7. Ne5 c6 8. Nc3
Bb7 9. O-O d5 10. Rd1 Nfd7 11. Nxd7 Nxd7 12. e4 dxc4 13. Qxc4 b5 14. Qe2 b4 15.
Na4 Qa5 16. b3 c5 17. dxc5 Nxc5 18. Nxc5 Bxc5 19. Bb2 Rfd8 20. Qg4 e5 21. h4
Bd4 22. Bxd4 Rxd4 23. Rxd4 exd4 24. Rd1 Rd8 25. Rd2 1/2-1/2

[Event "XXVI Festival Conca della Presolana A"]
[Site "Bratto - Castione della Presolana ITA"]
[Date "2006.08.22"]
[Round "4"]
[White "Brunello, Sabino"]
[Black "Scotti, Umberto"]
[Result "1-0"]
[WhiteElo "2391"]
[BlackElo "2207"]
[PlyCount "77"]
[EventDate "2006.08.19"]

1. e4 e6 2. d4 d5 3. e5 c5 4. c3 Nc6 5. Nf3 Nge7 6. a3 c4 7. Bf4 Bd7 8. Nbd2
Na5 9. Be2 Qb6 10. Rb1 h6 11. h4 Bb5 12. h5 Qc6 13. O-O Ba4 14. Qc1 g6 15. Ne1
gxh5 16. Bxh5 Ng6 17. Bg3 Be7 18. Nc2 O-O-O 19. Ne3 Rdg8 20. Qe1 Rh7 21. f4 Nb3
22. Nxb3 Bxb3 23. f5 exf5 24. Nxf5 Bc2 25. Rc1 Be4 26. Bxg6 fxg6 27. Nxe7+ Rxe7
28. Qd2 g5 29. Rf6 Re6 30. Rcf1 h5 31. Qd1 h4 32. Qg4 Rge8 33. Bh2 Qd7 34. Rf7
R6e7 35. Qh5 Rxf7 36. Rxf7 Qd8 37. e6 Rh8 38. Qg4 Rh7 39. e7+ 1-0

[Event "XXVI Festival Conca della Presolana A"]
[Site "Bratto - Castione della Presolana ITA"]
[Date "2006.08.22"]
[Round "4"]
[White "Ceccarini, Marco"]
[Black "Meng, Jean-Philippe"]
[Result "0-1"]
[WhiteElo "2140"]
[BlackElo "2058"]
[PlyCount "154"]
[EventDate "2006.08.19"]

1. d4 c5 2. e3 d5 3. c3 Nf6 4. Bd3 Nc6 5. Nf3 Ne4 6. Nbd2 f5 7. O-O e6 8. Ne5
Nxe5 9. dxe5 Be7 10. f3 Ng5 11. f4 Ne4 12. Qh5+ g6 13. Qe2 O-O 14. g4 Bd7 15.
g5 Bc6 16. Nf3 Rb8 17. Bd2 a5 18. Qe1 Qd7 19. Qe2 b5 20. a3 a4 21. Be1 b4 22.
axb4 cxb4 23. cxb4 Bxb4 24. Bxb4 Rxb4 25. Nd4 Rfb8 26. Ra2 Nc5 27. Rc1 Nxd3 28.
Qxd3 Rc4 29. Rc3 Bb7 30. Qc2 Rbc8 31. Raa3 Ba6 32. h4 Rxc3 33. Rxc3 Rc4 34. Qc1
Kf7 35. Qd2 Qc8 36. Nc2 Qc5 37. Na3 Rxc3 38. Qxc3 Bc4 39. Nc2 Ke7 40. Qb4 Qxb4
41. Nxb4 Kd7 42. Nc2 Ba6 43. Nd4 Bc8 44. Kf2 Kc7 45. Ke2 Kb6 46. Kd3 Kc5 47.
Kc3 Bd7 48. Ne2 Be8 49. Ng3 Bf7 50. Ne2 Be8 51. Nc1 Bb5 52. Na2 d4+ 53. exd4+
Kd5 54. Kd2 Kxd4 55. Nc3 Bc6 56. Ne2+ Ke4 57. Kd1 Ke3 58. Ke1 Bf3 59. Nc3 Kxf4
60. Nxa4 Kxe5 61. Kf2 Bc6 62. Nc5 Kd5 63. Nd3 e5 64. b4 Kd4 65. Nc5 e4 66. Ne6+
Ke5 67. Nf8 f4 68. Nxh7 e3+ 69. Ke2 Bb5+ 70. Kf3 Bc6+ 71. Ke2 Kd4 72. Nf6 f3+
73. Ke1 Bb5 74. Ng4 Ke4 75. h5 Kf4 76. h6 Kxg4 77. h7 f2+ 0-1

[Event "XXVI Festival Conca della Presolana A"]
[Site "Bratto - Castione della Presolana ITA"]
[Date "2006.08.22"]
[Round "4"]
[White "Crippa, Gabriele"]
[Black "Gazzarri, Alberto"]
[Result "1-0"]
[WhiteElo "2078"]
[BlackElo "2143"]
[PlyCount "80"]
[EventDate "2006.08.19"]

1. d4 d5 2. Bf4 c6 3. c3 Bf5 4. Nd2 Nf6 5. Qb3 Qb6 6. Ngf3 h6 7. c4 dxc4 8.
Nxc4 Qxb3 9. axb3 Nbd7 10. Na5 e5 11. dxe5 Nd5 12. Bd2 Bb4 13. Nxb7 O-O 14. Nd6
Bg4 15. e4 Bxf3 16. gxf3 Bxd2+ 17. Kxd2 Nf4 18. Ke3 g5 19. h4 Nxe5 20. hxg5
hxg5 21. Ra5 f6 22. Nf5 Nfg6 23. f4 gxf4+ 24. Kd2 Rfd8+ 25. Kc2 Rd7 26. Bc4+
Nxc4 27. bxc4 Rad8 28. Rg1 Kf7 29. Nh6+ Kg7 30. Rh5 Rh8 31. Nf5+ Kf7 32. Rxh8
Nxh8 33. Rg7+ Ke6 34. Rg8 Rh7 35. Re8+ Kd7 36. Ra8 Ke6 37. Rd8 f3 38. Kd3 Rd7+
39. Nd4+ Kd6 40. Rxh8 Kc5 1-0

[Event "XXVI Festival Conca della Presolana A"]
[Site "Bratto - Castione della Presolana ITA"]
[Date "2006.08.22"]
[Round "4"]
[White "Cugini, Verter"]
[Black "Fierro Baquero, Martha Lorena"]
[Result "0-1"]
[WhiteElo "2209"]
[BlackElo "2314"]
[PlyCount "139"]
[EventDate "2006.08.19"]

1. e4 d5 2. exd5 Qxd5 3. Nc3 Qa5 4. d4 c6 5. Bd2 Bf5 6. Nf3 e6 7. Be2 Nd7 8.
O-O Ngf6 9. Ne4 Qb6 10. Nxf6+ Nxf6 11. b3 Ba3 12. Bc1 Bxc1 13. Rxc1 Rd8 14. c3
O-O 15. b4 a5 16. a3 Ra8 17. Ne5 Qc7 18. Bd3 Bxd3 19. Qxd3 Rfd8 20. Qc4 Ra7 21.
Rfe1 axb4 22. axb4 Rda8 23. h3 Qd6 24. Re2 Nd5 25. Rec2 Ra3 26. Qf1 Qe7 27. g3
h5 28. h4 Qf6 29. Nc4 R3a7 30. Qe2 Qg6 31. Kh2 Nf6 32. f3 Qf5 33. Nd6 Qd5 34.
Ne4 Qd8 35. Nxf6+ Qxf6 36. Kg2 Qf5 37. Qe4 Qb5 38. Qe2 Qd5 39. Rb1 Ra3 40. Kf2
Qf5 41. Rbc1 Qd5 42. Ke1 Kf8 43. Qe4 Qb3 44. Kd2 Ra1 45. Qd3 Ke7 46. Rxa1 Rxa1
47. Rc1 Qa2+ 48. Kd1 Qb3+ 49. Kd2 Qb2+ 50. Rc2 Qb1 51. Ke3 Qh1 52. Kf4 Qh3 53.
Qd2 Qf5+ 54. Ke3 Rf1 55. f4 Qg4 56. Qg2 Qd1 57. Re2 Rg1 58. Qf2 Qc1+ 59. Kd3
Rd1+ 60. Rd2 Qb1+ 61. Ke3 Rf1 62. Qg2 f5 63. Rc2 Qe1+ 64. Kd3 Rg1 65. Qf2 Rxg3+
66. Kc4 b5+ 67. Kc5 Rxc3+ 68. Kb6 Qxf2 69. Rxf2 Rc4 70. Rd2 0-1